000 00548cam a2200217 4500
001 B1083
008 090401t1981 xxu||||| |||| 00| 0 eng d
035 _a(Sirsi) u42476
041 _aeng
050 _a333.336
110 _aDebenham Tewson and Chinnocks
_93135
245 _aIndustrial rent and rates, 1973-1981
260 _aLondon
_bDebenham Tewson and Chinnocks
_c1981
300 _a18p. ; 30cm.
350 _a0
650 _aINDUSTRIAL PROPERTY
650 _aRATES AND RATING
650 _aRENT
942 _n0
948 _c04/03/1997
999 _c91133
_d91133